Produzcamos mariposas diurnas / (Registro nro. 19046)

Detalles MARC
000 -CABECERA
Campo de control 01155nam a2200289 a 4500
005 - FECHA Y HORA DE LA ULTIMA TRANSACCION
Campo de control 20160922120020.0
008 - ELEMENTOS DE LONGITUD FIJA—INFORMACION GENERAL
Campo de control 160922s2006 ck ao|||r|||| 00| 0 spa d
020 ## - ISBN
ISBN 9789589779859
040 ## - FUENTE DE CATALOGACIÓN
Agencia catalogadora original CO-BoIAVH
Agencia transcriptora CO-BoIAVH
041 0# - IDIOMA
Código de idioma para texto/pista de sonido o título separado Español
044 ## - PAÍS DE PUBLICACIÓN
País de publicación Colombia
082 04 - NUMERO DE CLASIFICACION DECIMAL DEWEY
Número de clasificación 595.7891
Número del ítem P96m
245 00 - MENCION DE TITULO
Título Produzcamos mariposas diurnas /
260 ## - PUBLICACION, DISTRIBUCION, ETC. (PIE DE IMPRENTA)
Lugar de publicación, distribución, etc. [Rionegro, Antioquia?], Colombia :
Nombre del editor, distribuidor, etc. Universidad Católica de Oriente :
-- CORNARE,
Fecha de publicación, distribución, etc. 2006.
300 ## - DESCRIPCION FISICA
Extensión 88 páginas :
Otros detalles físicos ilustraciones a color y fotografías a color ;
Dimensiones 26 x 21 cm.
504 ## - NOTA DE BIBLIOGRAFIA, ETC.
Nota de bibliografía Incluye referencias bibliográficas.
650 24 - ASIENTO SECUNDARIO DE MATERIA - TERMINO TEMATICO
Término temático o nombre geográfico como elemento de entrada Mariposas
Subdivisión general vida
Subdivisión geográfica Colombia
9 (RLIN) 76465
650 24 - ASIENTO SECUNDARIO DE MATERIA - TERMINO TEMATICO
Término temático o nombre geográfico como elemento de entrada Mariposas
Subdivisión general cría
Subdivisión geográfica Colombia
9 (RLIN) 76466
650 26 - ASIENTO SECUNDARIO DE MATERIA - TERMINO TEMATICO
Término temático o nombre geográfico como elemento de entrada Mariposas
Subdivisión general conservación
Subdivisión geográfica Colombia
9 (RLIN) 76467
650 24 - ASIENTO SECUNDARIO DE MATERIA - TERMINO TEMATICO
Término temático o nombre geográfico como elemento de entrada Mariposarios
Subdivisión general construcción
9 (RLIN) 76468
700 1# - ASIENTO SECUNDARIO - NOMBRE PERSONAL
Nombre personal Constantino-Ch., Luis Miguel
Término de relación fotografías
9 (RLIN) 76469
700 1# - ASIENTO SECUNDARIO - NOMBRE PERSONAL
Nombre personal Orozco Zapata, Jorge Mauricio
Término de relación fotografías
9 (RLIN) 76463
700 1# - ASIENTO SECUNDARIO - NOMBRE PERSONAL
Nombre personal Mazo Sepulveda, Juliana
Término de relación fotografías
9 (RLIN) 76464
710 2# - ASIENTO SECUNDARIO - NOMBRE CORPORATIVO
Nombre corporativo o de jurisdicción como elemento de entrada Corporación Autónoma Regional Rionegro - Nare. Cornare
9 (RLIN) 76470
710 2# - ASIENTO SECUNDARIO - NOMBRE CORPORATIVO
Nombre corporativo o de jurisdicción como elemento de entrada Universidad Católica del Oriente Antioqueño
9 (RLIN) 76471
942 ## - ELEMENTOS ADICIONALES (KOHA)
Sistema de clasificación Dewey Decimal Classification
Tipo de ítem Libro
Existencias
Withdrawn status Lost status Sistema de Clasificación Damaged status No para préstamo Colección Inventariado Ubicación Permanente Ubicación actual Fecha de adquisición Fuente de Valor Valor Total Checkouts Número topográfico Inventario / Código de Barras Date last seen Ejemplar Price effective from Forma de adquisición Tipo de material
    Dewey Decimal Classification     General Inventariado 2017 Bogotá Bogotá 22/09/2016 Instituto 39000.00   LB-595.7891 P96m 040714 22/09/2016 Ej. 1 22/09/2016 Donación Libro